|
|
|
|
| LEADER |
03347nam a22005175i 4500 |
| 001 |
978-81-322-2407-5 |
| 003 |
DE-He213 |
| 005 |
20151204174239.0 |
| 007 |
cr nn 008mamaa |
| 008 |
150609s2015 ii | s |||| 0|eng d |
| 020 |
|
|
|a 9788132224075
|9 978-81-322-2407-5
|
| 024 |
7 |
|
|a 10.1007/978-81-322-2407-5
|2 doi
|
| 040 |
|
|
|d GrThAP
|
| 050 |
|
4 |
|a TK1-9971
|
| 072 |
|
7 |
|a TJK
|2 bicssc
|
| 072 |
|
7 |
|a TEC041000
|2 bisacsh
|
| 082 |
0 |
4 |
|a 621.382
|2 23
|
| 245 |
1 |
0 |
|a Recent Trends in Intelligent and Emerging Systems
|h [electronic resource] /
|c edited by Kandarpa Kumar Sarma, Manash Pratim Sarma, Mousmita Sarma.
|
| 264 |
|
1 |
|a New Delhi :
|b Springer India :
|b Imprint: Springer,
|c 2015.
|
| 300 |
|
|
|a XXIX, 209 p. 80 illus.
|b online resource.
|
| 336 |
|
|
|a text
|b txt
|2 rdacontent
|
| 337 |
|
|
|a computer
|b c
|2 rdamedia
|
| 338 |
|
|
|a online resource
|b cr
|2 rdacarrier
|
| 347 |
|
|
|a text file
|b PDF
|2 rda
|
| 490 |
1 |
|
|a Signals and Communication Technology,
|x 1860-4862
|
| 505 |
0 |
|
|a Part I – Intelligent Applications in Communication -- Part II – Selected Issues in Biomedical and Social Science -- Part III – HCI and Bio-inspired System Design -- Part IV – Soft Computing and Hybrid System based Speech Processing Applications -- Part V – Review Chapters on Selected Areas.
|
| 520 |
|
|
|a It is a compilation of research works related to intelligent and emerging system design using a range of tools including soft-computation. The book includes reviews, actual designs, research works, discussion and experimental results related to works in the areas of communication, computation, vision sciences, bio-inspired system design, social dynamic, related process design, etc. The audience of this book is expected to be researchers who deal with intelligent and emerging system design through mathematical and computational modeling and experimental designs. Specifically, audiences that are broadly involved in the domains of electronics and communication, electrical engineering, mathematics, computer science, other applied informatics domains and related areas will find the book interesting. The works included in the book broadly covers all areas of Electronics and Communication Engineering and Technology, Soft-computational Applications, Human Computer Interactive Designs and Social and Economic Dynamics. The works included in the volume have been grouped into Communication, Biomedical and Social Science, HCI and Bio-inspired System Design, Speech Processing and Review totaling sixteen contributions.
|
| 650 |
|
0 |
|a Engineering.
|
| 650 |
|
0 |
|a Computational intelligence.
|
| 650 |
|
0 |
|a Electrical engineering.
|
| 650 |
|
0 |
|a Electronic circuits.
|
| 650 |
1 |
4 |
|a Engineering.
|
| 650 |
2 |
4 |
|a Communications Engineering, Networks.
|
| 650 |
2 |
4 |
|a Signal, Image and Speech Processing.
|
| 650 |
2 |
4 |
|a Computational Intelligence.
|
| 650 |
2 |
4 |
|a Circuits and Systems.
|
| 700 |
1 |
|
|a Sarma, Kandarpa Kumar.
|e editor.
|
| 700 |
1 |
|
|a Sarma, Manash Pratim.
|e editor.
|
| 700 |
1 |
|
|a Sarma, Mousmita.
|e editor.
|
| 710 |
2 |
|
|a SpringerLink (Online service)
|
| 773 |
0 |
|
|t Springer eBooks
|
| 776 |
0 |
8 |
|i Printed edition:
|z 9788132224068
|
| 830 |
|
0 |
|a Signals and Communication Technology,
|x 1860-4862
|
| 856 |
4 |
0 |
|u http://dx.doi.org/10.1007/978-81-322-2407-5
|z Full Text via HEAL-Link
|
| 912 |
|
|
|a ZDB-2-ENG
|
| 950 |
|
|
|a Engineering (Springer-11647)
|